00370nam a2200109Ia 4500008004000000082001600040100002400056245007400080260004000154300001100194650005500205210210b1984 xxu||||| |||| 00| 0 eng d a510.02 MCCK aM C C PUBLICATIONS. aKarnatak medical & engineering joint entrance test 1984: mathematics. aBangalorebM C C Publicationsc1984 aiv,248 aMedical entrance maths Engineering entrance maths